Представление документа в формате RUSMARC

ПолеНазваниеЗначение
  Тип записи a
  Библиографический уровень a
001 Контрольный номер RU/CBS_UL/BASE/0094c90874cb4bfc855896921990cf1c
005 Дата корректировки 20230503141134.5
100 Данные общей обработки __
a Данные общей обработки 20230503 ||| 0rusy0189 ca
101 Язык документа 0_
a Язык текста rus
102 Страна публикации __
a Страна публикации RU
200 Заглавие и сведения об ответственности 1_
a Заглавие Модная бунтарка
e Сведения, относящиеся к заглавию [о британском дизайнере, модельере, создательнице мини-юбок М. Куант]
f Первые сведения об ответственности Л. Абрамова
300 Общие примечания __
a Общие примечания 16+
461 Уровень набора _0
1 2000
a Дарья. Биография
463 Уровень физической единицы _0
1 2000
a № 4
v С. 34-35 : фот.
1 2101
d 2023
1 001RU/CBS_UL/BASE/a3f68aa67b494533a02fc2573bf9b89e
600 Персоналии _1
a Персоналии (Фамилия) Куант
b Персоналии (Имя, инициалы) М.
606 Тематические рубрики 0_
a Основная рубрика Куант, Мэри (1930-1923)
610 Ключевые слова 0_
a Ключевые слова модельеры
610 Ключевые слова 0_
a Ключевые слова модельеры британские
610 Ключевые слова 0_
a Ключевые слова дизайнеры
610 Ключевые слова 0_
a Ключевые слова модельеры одежды
686 Индексы других классификаций __
2 Код системы rubbk
a Классификационный индекс 37.24-1
700 Автор _1
a Фамилия Абрамова
b Имя (инициалы) Л.
801 Источник записи _0
a Страна RU
b Организация МБУК ЦБС г. Ульяновска
c Дата составления 20230503
g Правила каталогизации RCR
801 Источник записи _1
a Страна RU
b Организация МБУК ЦБС г. Ульяновска
c Дата составления 20230503
g Правила каталогизации RCR
901 Тип документа __
t Тип документа b
w Контрольный № источника RU/CBS_UL/BASE/a3f68aa67b494533a02fc2573bf9b89e